000 00378nam a2200157Ia 4500
008 230917s9999||||xx |||||||||||||| ||und||
040 _e127943
_aMAIN
041 _aEnglish
082 _a005.133 G343P
100 _aGhezzi, Carlo
245 0 _aProgramming language concepts
250 _a3rd ed.
260 _aNew York
_bJohn Wiley
_c2002
300 _a427 p.
942 _cBK
999 _c141112
_d141112